|
|
|
|
| LEADER |
01482nam a2200373 a 4500 |
| 001 |
Donated By Akbar Ali Khan |
| 003 |
BD-DhAAL |
| 005 |
20220406103352.0 |
| 008 |
220404r19961994nyuab 000 1 eng d |
| 999 |
|
|
|c 43972
|d 43972
|
| 010 |
|
|
|a 95035716
|
| 020 |
|
|
|a 014025448X (pbk.)
|
| 040 |
|
|
|a DLC
|c DLC
|d DLC
|d BD-DhAAL
|
| 043 |
|
|
|a n-us-nc
|
| 050 |
0 |
0 |
|a PS3561.A678
|b A92 1996
|
| 082 |
0 |
0 |
|a 813.54
|2 20
|
| 100 |
1 |
|
|a Karon, Jan,
|d 1937-
|9 47675
|
| 245 |
1 |
0 |
|a At home in Mitford /
|c Jan Karon.
|
| 260 |
|
|
|a New York, N.Y., U.S.A. :
|b Penguin Books,
|c 1996.
|
| 300 |
|
|
|a 446 pages :
|b illustrations, map ;
|c 20 cm.
|
| 500 |
|
|
|a Original issued in series: The Mitford years.
|
| 541 |
|
|
|a Donated By Akbar Ali Khan
|e Donated By Akbar Ali Khan
|
| 650 |
|
0 |
|a Mitford (N.C. : Imaginary place)
|v Fiction.
|9 47676
|
| 650 |
|
0 |
|a Church membership
|v Fiction.
|9 47677
|
| 650 |
|
0 |
|a Episcopalians
|v Fiction.
|9 47678
|
| 650 |
|
0 |
|a Clergy
|v Fiction.
|9 47679
|
| 650 |
|
0 |
|a Kavanagh, Timothy (Fictitious character)
|v Fiction.
|9 47680
|
| 651 |
|
0 |
|a North Carolina
|v Fiction.
|9 47681
|
| 655 |
|
7 |
|a Christian fiction.
|2 gsafd
|9 47780
|
| 655 |
|
7 |
|a Domestic fiction.
|2 lcsh
|9 47781
|
| 800 |
1 |
|
|a Karon, Jan,
|d 1937-
|t Mitford years.
|9 47684
|
| 852 |
|
|
|a Ayesha Abed Library
|c Akbar Ali Khan Collection
|
| 942 |
|
|
|2 ddc
|c BK
|
| 952 |
|
|
|0 0
|1 0
|2 ddc
|4 0
|6 813_540000000000000_KAR
|7 1
|9 70355
|a BRACUL
|b BRACUL
|c AAKC
|d 2022-04-04
|e Donated by Akbar Ali Khan
|l 0
|o 813.54 KAR
|p 3010038281
|r 2022-04-04
|t 1
|w 2022-04-04
|y BK
|